00223nam a2200097Ia 4500008004100000100003000041245002100071260000900092942000700101999001700108190216s9999||||xx |||||||||||||| ||und|| aManohara Das Chakravarthy 0aGuldar Ka Sikkar bNull cBK c15317d15317